000
00305nam a22001337a 4500
008
170712b xxu||||| |||| 00| 0 eng d
020
_a
9780753452691
041
_a
eng
080
_a
030
100
_a
23
101
_a
ENC
245
_a
THE KINGFISHER SCIENCE ENCYCLOPEDIA
_c
TAYLOR, CH
942
_2
udc
_c
BK
999
_c
20254
_d
20254